Mehmet Oz Filmography - Statistics

General Stats
  • This quiz has been taken 2 times
  • The average score is 2 of 21
Answer Stats
Type Year Name % Correct
TV Show 2009-2022 The Dr. Oz Show
100%
TV Show 2006-2011 The Oprah Winfrey Show
50%
Film TBA Trouble Down Under
50%
Documentary Series 2001 60 Minutes
0%
TV Show 2018 Crashing
0%
TV Show 2016 Dr. Ken
0%
TV Show 2021 Dr. Phil
0%
TV Show 2009-2018, 2021 Jeopardy!
0%
Documentary Series 2013 Mankind Decoded
0%
Documentary Mini-Series 2012 Mankind: The Story of All of Us
0%
TV Show 2020 Match Game
0%
Film 2017 Mom and Dad
0%
TV Show 2017 Nightcap
0%
TV Show 2010 Saturday Night Live
0%
Documentary Series 2003-2004 Second Opinion with Dr. Oz
0%
Documentary Series 2014 Surgeon Oz
0%
TV Show 2018 Tanked
0%
TV Show 2017, 2021 The $100,000 Pyramid
0%
TV Show 2011, 2012 The Soup
0%
TV Show 2018 Wheel of Fortune
0%
TV Show 2013 Who Wants to Be a Millionaire
0%
No matching quizzes found
Score Distribution
Percent of People with Each Score
Percentile by Number Answered
Your Score History
You have not taken this quiz